Asian Country Borders - Statistics

General Stats
  • This quiz has been taken 9 times
  • The average score is 28 of 54
Answer Stats
Question Tile Select % Correct
Tajikistan 7 No
100%
Tajikistan 8 No
100%
Tajikistan 1 No
86%
Tajikistan 2 No
86%
Tajikistan 3 No
86%
Tajikistan 9 No
86%
Armenia 1 No
71%
Armenia 5 No
71%
Tajikistan 6 No
71%
Armenia 8 No
71%
Armenia 9 No
71%
Bhutan 1 No
57%
Iran 1 No
57%
Armenia 2 No
57%
Iran 3 No
57%
Bhutan 4 No
57%
Qatar 4 No
57%
Qatar 5 No
57%
Cambodia 5 No
57%
Armenia 6 No
57%
Bhutan 6 No
57%
Cambodia 6 No
57%
Armenia 7 No
57%
Bhutan 7 No
57%
Cambodia 7 No
57%
Bhutan 8 No
57%
Iran 8 No
57%
Cambodia 8 No
57%
Bhutan 9 No
57%
Qatar 9 No
57%
Iran 9 No
57%
Cambodia 9 No
57%
Cambodia 1 No
43%
Iran 2 No
43%
Cambodia 2 No
43%
Armenia 3 No
43%
Qatar 3 No
43%
Cambodia 3 Yes
43%
Iran 4 No
43%
Bhutan 5 No
43%
Qatar 6 No
43%
Qatar 7 No
43%
Qatar 8 No
43%
Qatar 1 Yes
29%
Qatar 2 No
29%
Tajikistan 4 No
29%
Cambodia 4 No
29%
Iran 5 No
29%
Iran 6 No
29%
Bhutan 2 Yes
14%
Bhutan 3 No
14%
Armenia 4 Yes
14%
Tajikistan 5 Yes
14%
Iran 7 Yes
0%
No matching quizzes found
Score Distribution
Percent of People with Each Score
Percentile by Number Answered
Your Score History
You have not taken this quiz